Confronting caste exclusion: academic journey in search (Record no. 1715641)

MARC details
000 -LEADER
fixed length control field 00323 a2200121 4500
000 - LEADER
fixed length control field nam a22 7a 4500
005 - DATE AND TIME OF LATEST TRANSACTION
control field 20260318091946.0
020 ## - INTERNATIONAL STANDARD BOOK NUMBER
International Standard Book Number 9788131614679
100 ## - MAIN ENTRY--PERSONAL NAME
Personal name Thorat S.
9 (RLIN) 1132360
245 ## - TITLE STATEMENT
Title Confronting caste exclusion: academic journey in search
260 ## - PUBLICATION, DISTRIBUTION, ETC.
Name of publisher, distributor, etc. Rawat Publication
Date of publication, distribution, etc. 2025
942 ## - ADDED ENTRY ELEMENTS (KOHA)
Koha item type Textual
Holdings
Withdrawn status Lost status Source of classification or shelving scheme Damaged status Not for loan Home library Current library Date acquired Source of acquisition Cost, normal purchase price Inventory number Total Checkouts Barcode Date last seen Cost, replacement price Price effective from Koha item type
    Colon Classification (CC)   Ordered South Campus Library South Campus Library 2026-03-18 64 1436.00 088 & 24/12/2025   SC1809403 2026-03-18 1795.00 2026-03-18 Textual
Copyright @ Delhi University Library System